A szegény ember húsvétja

Bibliographic Details
Format: Article
Language:Hungarian
Slovak
Subjects:

MARC

LEADER 00000nab a2200000 a 4500
001 vtls000692800
003 SK-MaSNL
005 20260302180336.0
008 160314c1999 xo 0 hun
015 |a SNBRB1999/04-10672 
035 |a CLN000044967 
040 |a SNKBUCL  |b slo  |c SNKBUCL  |e AACR2 
041 0 |a slo 
044 |a xo  |c SK 
080 |a 894.511-93=945.11  |2 UDC-MRF-SK2 
080 |a 398.2(=945.11)  |2 UDC-MRF-SK2 
245 0 0 |a A szegény ember húsvétja 
650 0 7 |a rozprávky ľudové maďarské  |2 snkbucl  |9 298743 
773 0 |t Tábortűz  |g Roč. 48, č. 8 (1999), s. 26 
850 |a Slovenská národná knižnica v Martine 
852 |a SNK  |b KIS3GCP 
958 |a HU 
958 |a LX 
958 |a RBX 
999 |c 1410213  |d 1412143